Europäische Hauptstädte - Zufälliger Galgenmännchen - Statistiken

Allgemein
  • Dieses Quiz wurde 558 mal gespielt
  • Das Durchschnittsergebnis liegt bei 5 aus 8
Antwortstatistiken
Buchstabe % Korrekt
Ă
100%
E
94%
E
91%
A
89%
A
89%
A
88%
A
88%
L
88%
N
88%
B
86%
I
83%
I
83%
Ș
83%
I
82%
I
82%
E
78%
B
77%
A
76%
A
76%
A
76%
E
76%
R
76%
A
73%
A
73%
B
71%
K
71%
R
71%
S
71%
S
71%
E
69%
A
67%
I
67%
I
67%
N
67%
H
65%
R
65%
I
64%
S
64%
L
63%
L
63%
L
55%
P
55%
T
54%
K
53%
D
50%
N
50%
N
50%
O
50%
U
50%
U
50%
V
48%
U
47%
S
46%
T
45%
T
44%
T
44%
C
42%
H
42%
P
42%
S
41%
S
41%
T
41%
O
36%
R
31%
S
29%
U
29%
S
25%
C
24%
H
24%
W
24%
V
19%
J
13%
Keine übereinstimmenden Quizze gefunden
Verteilung der Resultate
Anzahl Personen mit jedem Resultat
Perzentil nach korrekt beantworteten Fragen
Ihre Resultats-Entwicklung
Sie haben dieses Quiz noch nicht gespielt